[Event "GRE-ch U20"]
[Site "Trikala"]
[Date "2022.08.31"]
[Round "9"]
[White "Papagiannis, Asterios"]
[Black "Tsarsitalidis, Konstantinos"]
[Result "0-1"]
[WhiteElo "1796"]
[BlackElo "2059"]
[PlyCount "74"]
[EventDate "2022.08.25"]
[EventType "swiss"]
[EventRounds "9"]
[EventCountry "GRE"]
[SourceTitle "CBM 210 Extra"]
[Source "ChessBase"]
[SourceDate "2022.11.30"]
[SourceVersion "1"]
[SourceVersionDate "2022.11.30"]
[SourceQuality "1"]

1. d4 Nf6 2. c4 g6 3. h4 Bg7 4. Nc3 d6 5. e4 Nc6 6. d5 Ne5 7. Be2 h5 8. Nf3 Nfd7 9. Be3 c5 10. Qd2 a6 11. Ng5 Qa5 12. Rc1 Rb8 13. f4 Ng4 14. Bxg4 hxg4 15. 0-0 b5 16. e5 Nb6 17. b3 bxc4 18. Qe2 0-0 19. bxc4 Bf5 20. Bd2 Qa3 21. Kh1 Nc8 22. e6 f6 23. Nf7 Rb2 24. Nd1 Rxa2 25. Rc3 Qb4 26. Qe1 Nb6 27. Ne3 Qb2 28. Bc1 Qe2 29. Qxe2 Rxe2 30. Nxf5 gxf5 31. Ra3 Nxc4 32. Rxa6 Rb8 33. h5 Bf8 34. Ra4 Nb6 35. Ra7 Nxd5 36. h6 Rxe6 37. Rd1 Kxf7 0-1

[Event "GRE-ch U20"]
[Site "Trikala"]
[Date "2022.08.28"]
[Round "5"]
[White "Raftopoulos, Emmanouil"]
[Black "Papagiannis, Asterios"]
[Result "0-1"]
[WhiteElo "1379"]
[BlackElo "1796"]
[PlyCount "146"]
[EventDate "2022.08.25"]
[EventType "swiss"]
[EventRounds "9"]
[EventCountry "GRE"]
[SourceTitle "CBM 210 Extra"]
[Source "ChessBase"]
[SourceDate "2022.11.30"]
[SourceVersion "1"]
[SourceVersionDate "2022.11.30"]
[SourceQuality "1"]

1. d4 Nf6 2. Nf3 e6 3. Bg5 c5 4. e3 cxd4 5. exd4 Be7 6. c3 d6 7. Nbd2 0-0 8. Bd3 Nbd7 9. Nc4 b6 10. 0-0 Bb7 11. Re1 Re8 12. a4 Qc7 13. Bf4 Nf8 14. h3 Ng6 15. Bh2 Nh5 16. Bxg6 hxg6 17. Ne3 Nf6 18. Nc2 Bf8 19. Nb4 Nd7 20. Nd3 a6 21. Qe2 b5 22. axb5 axb5 23. Nb4 Qc4 24. Rxa8 Rxa8 25. Nd2 Qxe2 26. Rxe2 Ra1+ 27. Nf1 g5 28. f3 Nb6 29. Kf2 Na4 30. Ng3 Rb1 31. Nd3 Bd5 32. Ne4 Bc4 33. Ke3 Rd1 34. Nef2 Rb1 35. Ne4 d5 36. Nxg5 Be7 37. f4 Rd1 38. Rd2 Rxd2 39. Kxd2 Bxd3 40. Kxd3 Nxb2+ 41. Kc2 Nc4 42. Bg1 Bd6 43. g3 Kf8 44. Nf3 f6 45. Nd2 Nb6 46. Kb3 Kf7 47. Nb1 Nc4 48. Kc2 b4 49. cxb4 Bxb4 50. Kb3 Be1 51. Bh2 f5 52. Nc3 Nd2+ 53. Kc2 Nf3 54. Ne2 Nxh2 55. Kd1 Nf3 56. Kc2 Ba5 57. Kd3 Ne1+ 58. Ke3 Nc2+ 59. Kd3 Nb4+ 60. Ke3 Bb6 61. Kd2 Kf6 62. Ke3 Nc6 63. Kd3 Ba7 64. Kc3 Bb8 65. Kd3 g5 66. Ke3 gxf4+ 67. gxf4 Ba7 68. Kd3 Kg6 69. Ke3 Kh5 70. Kd3 Kh4 71. Ke3 Kxh3 72. Kd3 Kg4 73. Ke3 Nxd4 0-1

[Event "GRE-ch U20"]
[Site "Trikala"]
[Date "2022.08.28"]
[Round "6"]
[White "Tsarsitalidis, Christos"]
[Black "Papagiannis, Asterios"]
[Result "1-0"]
[WhiteElo "1896"]
[BlackElo "1796"]
[PlyCount "73"]
[EventDate "2022.08.25"]
[EventType "swiss"]
[EventRounds "9"]
[EventCountry "GRE"]
[SourceTitle "CBM 210 Extra"]
[Source "ChessBase"]
[SourceDate "2022.11.30"]
[SourceVersion "1"]
[SourceVersionDate "2022.11.30"]
[SourceQuality "1"]

1. e4 c5 2. Nf3 d6 3. d4 cxd4 4. Nxd4 Nf6 5. Nc3 a6 6. Nb3 e6 7. g4 b5 8. Bg2 Bb7 9. g5 Nfd7 10. h4 Nc6 11. f4 Be7 12. Be3 Nb6 13. Qe2 b4 14. Nd1 Qc7 15. Nf2 a5 16. Nd4 Nxd4 17. Bxd4 Ba6 18. Qf3 e5 19. Bxb6 Qxb6 20. 0-0-0 exf4 21. Qxf4 0-0 22. Bf1 Rac8 23. Bxa6 Qxa6 24. Qd2 Qc6 25. Kb1 a4 26. Rc1 Rb8 27. Qd3 Qb6 28. Ng4 b3 29. cxb3 axb3 30. a3 Rfc8 31. Ne3 Bf8 32. h5 Qa7 33. Rcf1 d5 34. g6 dxe4 35. Qd5 Qxe3 36. Qxf7+ Kh8 37. h6 1-0

[Event "GRE-ch U20"]
[Site "Trikala"]
[Date "2022.08.27"]
[Round "4"]
[White "Papagiannis, Asterios"]
[Black "Moysidis, Anastasios"]
[Result "1-0"]
[WhiteElo "1796"]
[BlackElo "1310"]
[PlyCount "53"]
[EventDate "2022.08.25"]
[EventType "swiss"]
[EventRounds "9"]
[EventCountry "GRE"]
[SourceTitle "CBM 210 Extra"]
[Source "ChessBase"]
[SourceDate "2022.11.30"]
[SourceVersion "1"]
[SourceVersionDate "2022.11.30"]
[SourceQuality "1"]

1. d4 Nf6 2. c4 e6 3. g3 d5 4. Nf3 Bb4+ 5. Bd2 Be7 6. Bg2 dxc4 7. Qa4+ c6 8. Qxc4 Nbd7 9. 0-0 Nb6 10. Qc2 0-0 11. Rd1 Bd7 12. Nc3 Rc8 13. Ne5 Qc7 14. Bf4 Bd6 15. e4 Nh5 16. Nxd7 Qxd7 17. Bxd6 Qxd6 18. Bf3 g6 19. Bxh5 gxh5 20. Qe2 e5 21. Qxh5 exd4 22. e5 Qc5 23. Ne4 Qc2 24. Qf5 Kg7 25. Rac1 Qxb2 26. Ng5 Rh8 27. Qf6+ 1-0

[Event "GRE-chT2 48th"]
[Site "Thessaloniki"]
[Date "2021.10.06"]
[Round "3.4"]
[White "Papagiannis, Asterios"]
[Black "Stoimenidis, Dimitrios"]
[Result "1/2-1/2"]
[WhiteElo "1834"]
[BlackElo "2032"]
[PlyCount "94"]
[EventDate "2021.10.05"]
[EventType "team-swiss"]
[EventRounds "7"]
[EventCountry "GRE"]
[SourceTitle "CBM 204 Extra"]
[Source "ChessBase"]
[SourceDate "2021.11.30"]
[SourceVersion "1"]
[SourceVersionDate "2021.11.30"]
[SourceQuality "1"]
[WhiteTeam "Katerinis"]
[BlackTeam "Thessaloniki Aris"]
[WhiteTeamCountry "GRE"]
[BlackTeamCountry "GRE"]

1. d4 Nf6 2. c4 e6 3. g3 Bb4+ 4. Bd2 a5 5. Bg2 d6 6. e3 0-0 7. Ne2 e5 8. 0-0 Bxd2 9. Qxd2 Qe7 10. Nbc3 c6 11. h3 Re8 12. g4 h6 13. Ng3 Na6 14. f4 exd4 15. exd4 Qe3+ 16. Qxe3 Rxe3 17. Kf2 Re8 18. Rfe1 Bd7 19. Nge4 Nxe4+ 20. Nxe4 Nb4 21. Red1 Red8 22. a3 Na6 23. Nxd6 Rab8 24. Ne4 f5 25. gxf5 Bxf5 26. d5 cxd5 27. Rxd5 Be6 28. Rxa5 Bxc4 29. Rc1 Bf7 30. Bf1 Rd7 31. Bxa6 bxa6 32. b4 Re8 33. Re5 Rf8 34. Ke3 Rfd8 35. Rc3 Kf8 36. Nc5 Kg8 37. Ne4 Kf8 38. Nc5 Rd1 39. Rd3 R8xd3+ 40. Nxd3 Rh1 41. Nf2 Ra1 42. Ra5 Bc4 43. Kf3 Bb5 44. Ng4 Ke7 45. Ne3 Rb1 46. Nf5+ Kf6 47. Nd4 Bf1 1/2-1/2

[Event "GRE-ch U16"]
[Site "Patras"]
[Date "2021.07.08"]
[Round "7"]
[White "Papagiannis, Asterios"]
[Black "Karagiorgos, Nikolaos"]
[Result "1/2-1/2"]
[WhiteElo "1953"]
[BlackElo "1508"]
[PlyCount "80"]
[EventDate "2021.07.02"]
[EventType "swiss"]
[EventRounds "7"]
[EventCountry "GRE"]
[SourceTitle "EXT 2023"]
[Source "ChessBase"]
[SourceDate "2022.10.05"]
[SourceVersion "1"]
[SourceVersionDate "2022.10.05"]
[SourceQuality "1"]

1. e4 c5 2. Nf3 g6 3. d4 cxd4 4. Nxd4 Bg7 5. c4 Nc6 6. Be3 Nf6 7. Nc3 0-0 8. Be2 d6 9. 0-0 Bd7 10. f3 Nxd4 11. Bxd4 Bc6 12. Qd2 Nd7 13. Be3 a5 14. b3 Nc5 15. Rac1 Qb6 16. Nd5 Bxd5 17. cxd5 Rfc8 18. Rc4 Qc7 19. Rc2 Qd7 20. Rfc1 b6 21. Kh1 f5 22. exf5 Qxf5 23. Bg5 Bf6 24. Bxf6 Qxf6 25. Bb5 Ra7 26. Bc6 Rac7 27. Qe3 e5 28. a3 Qf4 29. Qxf4 exf4 30. Rc3 Nd7 31. b4 axb4 32. axb4 b5 33. Ra1 Kg7 34. h3 Nb6 35. Rd3 Nc4 36. Rd4 g5 37. Bxb5 Ne3 38. Bc6 Nc2 39. Rad1 Nxd4 40. Rxd4 Rxc6 1/2-1/2

[Event "GRE-ch South U16"]
[Site "Athens"]
[Date "2020.08.31"]
[Round "5"]
[White "Papagiannis, Asterios"]
[Black "Gavriilidis, Orestis"]
[Result "1/2-1/2"]
[WhiteElo "2009"]
[BlackElo "1916"]
[PlyCount "89"]
[EventDate "2020.08.28"]
[EventType "swiss"]
[EventRounds "9"]
[EventCountry "GRE"]
[SourceTitle "EXT 2023"]
[Source "ChessBase"]
[SourceDate "2022.10.05"]
[SourceVersion "1"]
[SourceVersionDate "2022.10.05"]
[SourceQuality "1"]

1. d4 Nf6 2. c4 g6 3. Nc3 Bg7 4. e4 d6 5. Be2 0-0 6. Bg5 Nbd7 7. Qd2 c5 8. Nf3 cxd4 9. Nxd4 Nc5 10. f3 a5 11. Be3 Bd7 12. 0-0 Ne8 13. Rfd1 Nc7 14. Rab1 N7e6 15. Nc2 Bc6 16. Nd5 Bxd5 17. cxd5 Nc7 18. Nd4 Qd7 19. b3 Rfd8 20. a3 e5 21. dxe6 fxe6 22. b4 axb4 23. axb4 e5 24. Nb3 Nxb3 25. Rxb3 Ne6 26. Bc4 Kh8 27. Bxe6 Qxe6 28. Qd5 Qxd5 29. Rxd5 Bf8 30. Rc3 Rdc8 31. Rxc8 Rxc8 32. Rb5 Rc7 33. Rb6 Kg8 34. Kf2 Kf7 35. h4 Be7 36. g3 Ke6 37. Ke2 Kd7 38. Kd3 Kc8 39. Rb5 Rc6 40. Rd5 Ra6 41. Ra5 Rxa5 42. bxa5 Bd8 43. Bd2 Kd7 44. Kc4 Kc6 45. Be1 1/2-1/2

[Event "GRE-ch South U16"]
[Site "Athens"]
[Date "2020.08.30"]
[Round "4"]
[White "Kazakos, Markos"]
[Black "Papagiannis, Asterios"]
[Result "1/2-1/2"]
[WhiteElo "2161"]
[BlackElo "2009"]
[PlyCount "60"]
[EventDate "2020.08.28"]
[EventType "swiss"]
[EventRounds "9"]
[EventCountry "GRE"]
[SourceTitle "EXT 2023"]
[Source "ChessBase"]
[SourceDate "2022.10.05"]
[SourceVersion "1"]
[SourceVersionDate "2022.10.05"]
[SourceQuality "1"]

1. Nf3 Nf6 2. g3 d5 3. Bg2 c6 4. 0-0 Bg4 5. d3 Nbd7 6. h3 Bh5 7. Qe1 e5 8. e4 Bd6 9. exd5 Nxd5 10. Nxe5 Nxe5 11. d4 Qe7 12. dxe5 Bxe5 13. c3 f6 14. f4 Bd6 15. Bxd5 cxd5 16. Qxe7+ Bxe7 17. Be3 0-0 18. Nd2 Rfe8 19. Kf2 Bc5 20. Bxc5 Re2+ 21. Kg1 Rxd2 22. Rf2 Rxf2 23. Kxf2 a6 24. Re1 Re8 25. Rxe8+ Bxe8 26. Ke3 Kf7 27. Kd4 Bc6 28. Bd6 Ke6 29. Bf8 Kf7 30. Bd6 Ke6 1/2-1/2

[Event "GRE-ch South U16"]
[Site "Athens"]
[Date "2020.08.28"]
[Round "1"]
[White "Papagiannis, Asterios"]
[Black "Minas, Panagiotis"]
[Result "1-0"]
[WhiteElo "2009"]
[BlackElo "1688"]
[PlyCount "129"]
[EventDate "2020.08.28"]
[EventType "swiss"]
[EventRounds "9"]
[EventCountry "GRE"]
[SourceTitle "EXT 2023"]
[Source "ChessBase"]
[SourceDate "2022.10.05"]
[SourceVersion "1"]
[SourceVersionDate "2022.10.05"]
[SourceQuality "1"]

1. d4 Nf6 2. c4 e6 3. g3 Bb4+ 4. Bd2 Qe7 5. Bg2 Nc6 6. Nf3 Bxd2+ 7. Nbxd2 e5 8. d5 Nb8 9. e4 d6 10. 0-0 a5 11. Qc2 Na6 12. b3 0-0 13. a3 Bd7 14. Rac1 c6 15. dxc6 Bxc6 16. Nh4 g6 17. Nb1 Nc5 18. Nc3 Ne6 19. Nf3 b6 20. Nd5 Bxd5 21. cxd5 Nc5 22. Nd2 Qd7 23. Nc4 Rfb8 24. b4 axb4 25. axb4 Na6 26. Qb3 Ne8 27. f4 exf4 28. gxf4 Qb5 29. Rb1 Rc8 30. Rfc1 Rc7 31. Bf1 Qd7 32. Nxb6 Qg4+ 33. Qg3 Qxg3+ 34. hxg3 Rb8 35. Bxa6 Rxb6 36. b5 Kf8 37. Ra1 Ke7 38. Rc6 Rb8 39. e5 Rxc6 40. bxc6 Ra8 41. Ra2 Nc7 42. Bc4 Rxa2 43. Bxa2 g5 44. Kf2 h5 45. Kf3 gxf4 46. gxf4 Nb5 47. Bc4 Nc7 48. Kg3 Ne8 49. Kh4 f6 50. e6 Nc7 51. Kxh5 Ne8 52. Kg6 Nc7 53. Kg7 Ne8+ 54. Kg6 Nc7 55. Kf5 Ne8 56. Ke4 Kd8 57. Bb5 Nc7 58. Be2 Ke7 59. Bh5 Kf8 60. Kd4 Ke7 61. Kc4 Kd8 62. Bf3 Kc8 63. e7 Ne8 64. Bh5 Ng7 65. e8Q+ 1-0

[Event "Paracin Amateur op"]
[Site "Paracin"]
[Date "2020.02.05"]
[Round "8"]
[White "Djokic, Slavoljub"]
[Black "Papagiannis, Asterios"]
[Result "1/2-1/2"]
[WhiteElo "2109"]
[BlackElo "1917"]
[PlyCount "74"]
[EventDate "2020.01.31"]
[EventType "swiss"]
[EventRounds "9"]
[EventCountry "SRB"]
[SourceTitle "CBM 194 Extra"]
[Source "ChessBase"]
[SourceDate "2020.03.31"]
[SourceVersion "1"]
[SourceVersionDate "2020.03.31"]
[SourceQuality "1"]

1. c4 e5 2. Nc3 Bb4 3. Nd5 a5 4. g3 Nf6 5. Nxb4 axb4 6. Bg2 d6 7. Nf3 c5 8. d3 0-0 9. 0-0 Nc6 10. Bg5 h6 11. Bd2 Be6 12. a3 bxa3 13. bxa3 Qd7 14. Qb3 Rab8 15. a4 Bh3 16. Bc3 Bxg2 17. Kxg2 Rfe8 18. a5 Nd4 19. Bxd4 exd4 20. Rfe1 Qc7 21. Ra2 Re7 22. Qb6 Qxb6 23. axb6 Nd7 24. Rb2 Ree8 25. g4 Rec8 26. Nd2 Kf8 27. Ne4 Ke7 28. e3 Rc6 29. exd4 cxd4 30. Rb5 Ne5 31. Rd1 Nxg4 32. Rd5 Nf6 33. Nxf6 Kxf6 34. Rb1 Ke7 35. Rxd4 Ra8 36. Re4+ Kd7 37. Rbe1 Rxb6 1/2-1/2

[Event "Paracin Amateur op"]
[Site "Paracin"]
[Date "2020.02.03"]
[Round "6"]
[White "Radosavljevic, Slobodan D"]
[Black "Papagiannis, Asterios"]
[Result "1/2-1/2"]
[WhiteElo "2165"]
[BlackElo "1917"]
[PlyCount "34"]
[EventDate "2020.01.31"]
[EventType "swiss"]
[EventRounds "9"]
[EventCountry "SRB"]
[SourceTitle "CBM 194 Extra"]
[Source "ChessBase"]
[SourceDate "2020.03.31"]
[SourceVersion "1"]
[SourceVersionDate "2020.03.31"]
[SourceQuality "1"]

1. g3 d5 2. Bg2 c6 3. Nf3 Bg4 4. d3 Nd7 5. 0-0 e5 6. c4 dxc4 7. dxc4 Ngf6 8. Nc3 Bc5 9. Qc2 0-0 10. a3 a5 11. Rb1 Qe7 12. h3 Bh5 13. Nh4 Rfe8 14. Nf5 Qe6 15. Na4 Ba7 16. e4 Bg6 17. g4 Nc5 1/2-1/2

[Event "GRE-chT U16"]
[Site "Thessaloniki"]
[Date "2019.11.30"]
[Round "5.2"]
[White "Christodoulou, Panormitis"]
[Black "Papagiannis, Asterios"]
[Result "1/2-1/2"]
[WhiteElo "1675"]
[BlackElo "1942"]
[PlyCount "100"]
[EventDate "2019.11.28"]
[EventType "team-swiss"]
[EventRounds "6"]
[EventCountry "GRE"]
[SourceTitle "CBM 193 Extra"]
[Source "ChessBase"]
[SourceDate "2020.01.31"]
[SourceVersion "1"]
[SourceVersionDate "2020.01.31"]
[SourceQuality "1"]
[WhiteTeam "Patron"]
[BlackTeam "Katerinis"]
[WhiteTeamCountry "GRE"]
[BlackTeamCountry "GRE"]

1. e4 e5 2. Nf3 Nc6 3. Bb5 g6 4. c3 a6 5. Ba4 Bg7 6. d3 Nge7 7. 0-0 0-0 8. Re1 d6 9. Nbd2 h6 10. Nf1 f5 11. d4 fxe4 12. Rxe4 d5 13. Re1 Bg4 14. Bxc6 Nxc6 15. dxe5 Nxe5 16. N1d2 Qf6 17. Re3 Rae8 18. Kh1 Nxf3 19. Rxe8 Rxe8 20. Nxf3 Qf5 21. Be3 Bxf3 22. Qxf3 Qxf3 23. gxf3 Kf7 24. Kg2 Bf8 25. Kf1 Ke6 26. Ke2 Kf5 27. Rd1 c6 28. Rg1 c5 29. Kd3 b5 30. a4 Rb8 31. axb5 axb5 32. Ra1 b4 33. Kc2 bxc3 34. bxc3 Ke5 35. Ra7 Rc8 36. Kd3 h5 37. h3 Rc6 38. Rf7 Rc8 39. Ra7 Bd6 40. Ra6 Rc7 41. Bf4+ Kxf4 42. Rxd6 Kxf3 43. Rxg6 Kxf2 44. Rh6 Rd7 45. Rxh5 Kg3 46. c4 dxc4+ 47. Kxc4 Rd4+ 48. Kxc5 Rh4 49. Rxh4 Kxh4 50. Kd4 Kxh3 1/2-1/2

[Event "GRE-ch U14"]
[Site "Patras"]
[Date "2019.06.26"]
[Round "3.2"]
[White "Stamatiou, Rodolfos"]
[Black "Papagiannis, Asterios"]
[Result "1/2-1/2"]
[WhiteElo "2025"]
[BlackElo "1903"]
[PlyCount "83"]
[EventDate "2019.06.25"]
[EventType "swiss"]
[EventRounds "9"]
[EventCountry "GRE"]
[SourceTitle "EXT 2020"]
[Source "ChessBase"]
[SourceDate "2019.10.17"]
[SourceVersion "1"]
[SourceVersionDate "2019.10.17"]
[SourceQuality "1"]
[WhiteTeam "Greece"]
[BlackTeam "Greece"]
[WhiteTeamCountry "GRE"]
[BlackTeamCountry "GRE"]

1. e4 e5 2. Nc3 Nf6 3. Bc4 Nxe4 4. Qh5 Nd6 5. Qxe5+ Qe7 6. Qxe7+ Bxe7 7. Bb3 Nf5 8. Nf3 c6 9. 0-0 0-0 10. Re1 Bd8 11. g4 Ne7 12. d4 d5 13. h3 Ng6 14. Ne2 Bc7 15. c4 dxc4 16. Bxc4 Nd7 17. Nc3 Nb6 18. Bb3 h6 19. Ne5 Nxe5 20. dxe5 Be6 21. f4 Bxb3 22. axb3 Rfd8 23. Be3 Nd5 24. Nxd5 Rxd5 25. Red1 Rad8 26. Rxd5 Rxd5 27. Rxa7 Rd3 28. Rxb7 Rxe3 29. Rxc7 Rxh3 30. Rxc6 Rxb3 31. Rc2 Rf3 32. Rf2 Rg3+ 33. Rg2 Rf3 34. Rf2 Rg3+ 35. Rg2 Rf3 36. f5 Re3 37. Kf2 Rxe5 38. Kf3 g6 39. Kf4 Rb5 40. Rc2 gxf5 41. gxf5 Kg7 42. Ke4 1/2-1/2

[Event "Belgrade Trophy 32nd"]
[Site "Belgrade"]
[Date "2018.12.02"]
[Round "9"]
[White "Papagiannis, Asterios"]
[Black "Andrijevic, Milan"]
[Result "1/2-1/2"]
[WhiteElo "1923"]
[BlackElo "2269"]
[PlyCount "80"]
[EventDate "2018.11.24"]
[EventType "swiss"]
[EventRounds "9"]
[EventCountry "SRB"]
[SourceTitle "CBM 187 Extra"]
[Source "ChessBase"]
[SourceDate "2018.11.04"]
[SourceVersion "1"]
[SourceVersionDate "2018.11.04"]
[SourceQuality "1"]

1. d4 d5 2. c4 e6 3. Nf3 c5 4. g3 Nc6 5. cxd5 exd5 6. Bg2 Nf6 7. 0-0 Be7 8. Nc3 0-0 9. dxc5 Bxc5 10. Bg5 d4 11. Bxf6 Qxf6 12. Ne4 Qe7 13. Nxc5 Qxc5 14. Rc1 Qb6 15. Qc2 h6 16. b3 Re8 17. Rfe1 Bg4 18. Qc5 Qa6 19. Nxd4 Nxd4 20. Qxd4 Bxe2 21. Rc7 Bh5 22. Rce7 Rxe7 23. Rxe7 Rc8 24. Rc7 Rxc7 25. Qd8+ Kh7 26. Qxc7 Qxa2 27. Be4+ Bg6 28. Bxg6+ fxg6 29. Qxb7 Qa1+ 30. Kg2 Qd4 31. h4 g5 32. hxg5 hxg5 33. Qb5 Qe4+ 34. f3 Qe3 35. Qf5+ Kh6 36. Qd5 g6 37. Qg8 Qd4 38. Qf8+ Kh7 39. Qf7+ Kh6 40. Qf8+ Kh7 1/2-1/2

[Event "Primorsko op"]
[Site "Primorsko"]
[Date "2018.09.22"]
[Round "7"]
[White "Papagiannis, Asterios"]
[Black "Kanov, Nikola"]
[Result "1-0"]
[WhiteElo "1831"]
[BlackElo "1929"]
[PlyCount "129"]
[EventDate "2018.09.16"]
[EventType "swiss"]
[EventRounds "9"]
[EventCountry "BUL"]
[SourceTitle "CBM 186 Extra"]
[Source "ChessBase"]
[SourceDate "2018.08.24"]
[SourceVersion "1"]
[SourceVersionDate "2018.08.24"]
[SourceQuality "1"]

1. e4 e5 2. Nf3 Nc6 3. Bb5 Nge7 4. 0-0 a6 5. Ba4 g6 6. c3 Bg7 7. d4 exd4 8. cxd4 b5 9. Bb3 0-0 10. Bg5 h6 11. Bh4 d6 12. h3 Bb7 13. Nc3 b4 14. Nd5 g5 15. Bg3 Kh8 16. Ne3 Bc8 17. Qd2 f5 18. exf5 Bxf5 19. d5 Nb8 20. Nd4 Qe8 21. Nexf5 Nxf5 22. Nxf5 Rxf5 23. Bc2 Rf6 24. Qxb4 Nd7 25. Rfe1 Qf7 26. Qe4 Kg8 27. Qe7 Bf8 28. Qxf7+ Kxf7 29. b4 Rb8 30. Rab1 Nb6 31. Be4 Kg7 32. f3 Rf7 33. Bf2 Be7 34. Bd4+ Bf6 35. Bxf6+ Kxf6 36. Kf2 Re7 37. Red1 Re5 38. Rbc1 Rb7 39. Rc6 Ra7 40. Ke3 a5 41. b5 Rb7 42. Kd4 Ke7 43. Rdc1 Kd7 44. g3 Nc8 45. f4 gxf4 46. gxf4 Rh5 47. Bf3 Rh4 48. Bg4+ Kd8 49. Bxc8 Kxc8 50. b6 Rxf4+ 51. Ke3 Rf7 52. Rxd6 h5 53. Rdc6 Re7+ 54. Kd4 Re2 55. Rxc7+ Rxc7 56. bxc7 Rxa2 57. d6 Rd2+ 58. Ke5 h4 59. Rb1 Re2+ 60. Kd5 Kd7 61. Rb8 Rd2+ 62. Ke5 Re2+ 63. Kf4 Rf2+ 64. Ke3 Rc2 65. Rd8+ 1-0

[Event "Primorsko op"]
[Site "Primorsko"]
[Date "2018.09.18"]
[Round "3"]
[White "Papagiannis, Asterios"]
[Black "Badev, Kiril"]
[Result "1/2-1/2"]
[WhiteElo "1831"]
[BlackElo "2170"]
[PlyCount "96"]
[EventDate "2018.09.16"]
[EventType "swiss"]
[EventRounds "9"]
[EventCountry "BUL"]
[SourceTitle "CBM 186 Extra"]
[Source "ChessBase"]
[SourceDate "2018.08.24"]
[SourceVersion "1"]
[SourceVersionDate "2018.08.24"]
[SourceQuality "1"]

1. d4 Nf6 2. c4 e6 3. g3 c5 4. Nf3 cxd4 5. Nxd4 Qc7 6. Nd2 Bc5 7. e3 Nc6 8. N2b3 Nxd4 9. Nxd4 0-0 10. Be2 b6 11. Bf3 Bb7 12. Bxb7 Qxb7 13. 0-0 Rac8 14. b3 Ne4 15. Qf3 d5 16. cxd5 Bxd4 17. exd4 Qxd5 18. Re1 f5 19. Be3 Rc2 20. Rec1 Rfc8 21. Qd1 R2c3 22. Qe1 Qc6 23. Rxc3 Qxc3 24. Qxc3 Rxc3 25. Rc1 Kf7 26. Kf1 Ke7 27. Rxc3 Nxc3 28. a4 Kd6 29. Ke1 Kc6 30. f3 Nd5 31. Bd2 Ne7 32. Ke2 Kd5 33. Kd3 Nc6 34. Bc3 g5 35. Bb2 a6 36. Bc3 h5 37. h3 b5 38. axb5 axb5 39. Bb2 b4 40. g4 hxg4 41. hxg4 Na5 42. Kc2 Nb7 43. Kd3 Na5 44. Kc2 Nc6 45. Kd3 f4 46. Ba1 Ne7 47. Bb2 Ng6 48. Ke2 Ne7 1/2-1/2

[Event "Primorsko op"]
[Site "Primorsko"]
[Date "2018.09.16"]
[Round "1"]
[White "Papagiannis, Asterios"]
[Black "Georgiev, Krum"]
[Result "0-1"]
[WhiteElo "1831"]
[BlackElo "2325"]
[PlyCount "64"]
[EventDate "2018.09.16"]
[EventType "swiss"]
[EventRounds "9"]
[EventCountry "BUL"]
[SourceTitle "CBM 186 Extra"]
[Source "ChessBase"]
[SourceDate "2018.08.24"]
[SourceVersion "1"]
[SourceVersionDate "2018.08.24"]
[SourceQuality "1"]

1. d4 Nf6 2. c4 g6 3. Nc3 Bg7 4. e4 d6 5. Nge2 a6 6. Ng3 c6 7. Be2 b5 8. 0-0 Nbd7 9. f4 e5 10. fxe5 dxe5 11. dxe5 Qb6+ 12. Kh1 Nxe5 13. Qd6 Nfd7 14. Bg5 Qc5 15. Qd2 0-0 16. cxb5 axb5 17. Be3 Qe7 18. Bg5 Qc5 19. Be3 Nc4 20. Bxc5 Nxd2 21. Bxf8 Nxf1 22. Bxg7 Nxg3+ 23. hxg3 Kxg7 24. Bg4 Ne5 25. Bxc8 Rxc8 26. Rd1 Ra8 27. b3 Ng4 28. Rd2 Re8 29. Re2 Rd8 30. a3 Rd3 31. Rc2 Rxg3 32. Kg1 h5 0-1

[Event "Teteven op 32nd"]
[Site "Teteven"]
[Date "2018.08.15"]
[Round "5"]
[White "Varbanov, Varban"]
[Black "Papagiannis, Asterios"]
[Result "1/2-1/2"]
[WhiteElo "2030"]
[BlackElo "1831"]
[PlyCount "134"]
[EventDate "2018.08.11"]
[EventType "swiss"]
[EventRounds "9"]
[EventCountry "BUL"]
[SourceTitle "CBM 186 Extra"]
[Source "ChessBase"]
[SourceDate "2018.08.24"]
[SourceVersion "1"]
[SourceVersionDate "2018.08.24"]
[SourceQuality "1"]

1. d4 Nf6 2. c4 e6 3. Nc3 Bb4 4. Qc2 0-0 5. e3 b6 6. Nf3 Bxc3+ 7. Qxc3 Ne4 8. Qc2 Bb7 9. Bd3 f5 10. 0-0 d6 11. Nd2 Nxd2 12. Bxd2 Qf6 13. b4 Nc6 14. Bc3 Qg5 15. f4 Qh5 16. Be2 Qf7 17. Bf3 d5 18. b5 Ne7 19. Bb4 Rfe8 20. Bxe7 Rxe7 21. c5 bxc5 22. Qxc5 Rd7 23. Rfc1 Qe7 24. Be2 Qxc5 25. Rxc5 Rc8 26. Rac1 Kf7 27. a4 Ke7 28. a5 Kd8 29. Kf2 Rd6 30. Ke1 Rd7 31. Kd2 Re7 32. R1c3 g6 33. Kc2 Rg7 34. h4 h5 35. Kb3 Rd7 36. Kb4 Rd6 37. Bd3 Ba8 38. Rc2 Kd7 39. Rf2 Rg8 40. Ra2 Rb8 41. Ka4 Rc8 42. Rac2 Bb7 43. R5c3 Kd8 44. Rc1 Kd7 45. Kb4 Kd8 46. Rf1 Ke7 47. Rf3 Kf7 48. Rf2 Ke7 49. Rb2 Kd8 50. Ka4 Kd7 51. Rcb3 Ba8 52. Ka3 Rb8 53. Ka4 Kd8 54. Rc2 Rc8 55. g3 Kd7 56. Rbc3 Bb7 57. Kb4 Kd8 58. Ra3 Kd7 59. Rc5 Kd8 60. Rac3 Kd7 61. Bc2 Ba8 62. Ba4 Kd8 63. Rc1 Bb7 64. Bd1 Ba8 65. Be2 Bb7 66. R5c3 Kd7 67. Ka4 Kd8 1/2-1/2

[Event "Agios Ioannis Pelion op 1st"]
[Site "Agios Ioannis"]
[Date "2018.06.19"]
[Round "5"]
[White "Ilandzis, Spyridon"]
[Black "Papagiannis, Asterios"]
[Result "1-0"]
[WhiteElo "1990"]
[BlackElo "1911"]
[PlyCount "39"]
[EventDate "2018.06.16"]
[EventType "swiss"]
[EventRounds "9"]
[EventCountry "GRE"]
[SourceTitle "CBM 185 Extra"]
[Source "ChessBase"]
[SourceDate "2018.07.29"]
[SourceVersion "1"]
[SourceVersionDate "2018.07.29"]
[SourceQuality "1"]

1. d4 Nf6 2. c4 e6 3. Nf3 Bb4+ 4. Nbd2 b6 5. a3 Bxd2+ 6. Bxd2 Bb7 7. Bg5 h6 8. Bh4 g5 9. Bg3 d6 10. c5 Ne4 11. cxd6 cxd6 12. e3 Nxg3 13. hxg3 a6 14. Rh5 Qf6 15. Rc1 0-0 16. Rc7 Ra7 17. Nxg5 hxg5 18. Qg4 Bf3 19. Rxg5+ Kh7 20. Bd3+ 1-0

[Event "Agios Ioannis Pelion op 1st"]
[Site "Agios Ioannis"]
[Date "2018.06.17"]
[Round "2"]
[White "Grivas, Efstratios"]
[Black "Papagiannis, Asterios"]
[Result "1-0"]
[WhiteElo "2445"]
[BlackElo "1911"]
[PlyCount "65"]
[EventDate "2018.06.16"]
[EventType "swiss"]
[EventRounds "9"]
[EventCountry "GRE"]
[SourceTitle "CBM 185 Extra"]
[Source "ChessBase"]
[SourceDate "2018.07.29"]
[SourceVersion "1"]
[SourceVersionDate "2018.07.29"]
[SourceQuality "1"]

1. d4 Nf6 2. Nf3 e6 3. g3 b5 4. Bg2 Bb7 5. 0-0 Be7 6. Qd3 b4 7. Bg5 h6 8. Bxf6 Bxf6 9. a3 Na6 10. axb4 Nxb4 11. Qb3 Be7 12. c3 Bd5 13. Qd1 Nc6 14. Nbd2 Bxf3 15. Bxf3 d5 16. e4 Rb8 17. exd5 exd5 18. Ra6 Qd7 19. Re1 0-0 20. Qa4 Rb6 21. Rxb6 cxb6 22. Rxe7 Qxe7 23. Qxc6 Qe1+ 24. Nf1 Qb1 25. Qb5 Rd8 26. Kg2 a6 27. Qxb6 Re8 28. Bxd5 Re2 29. Qxa6 Qc2 30. Kg1 Qxb2 31. Qc8+ Kh7 32. Qf5+ Kh8 33. Qxf7 1-0